| 000 | 00738nam a2200277Ia 4500 | ||
|---|---|---|---|
| 001 | Z_248 | ||
| 003 | CHAP | ||
| 008 | 220113s1987 xx 000 0 und d | ||
| 010 | _a163222 | ||
| 040 | _cCHAP | ||
| 090 | _aFolleto 189 | ||
| 100 |
_aInternational Rangeland Developement Symposium (1987: Boise, Idaho) _9137525 |
||
| 245 |
_aProceedings: institutions for rangeland development: strategies and lessons leamed / _cby Society for Range Management |
||
| 260 |
_aOphir, Utah : _bThe Society, _c1987 |
||
| 300 | _a85 p. | ||
| 440 | _a | ||
| 500 | _a | ||
| 503 | _a | ||
| 650 |
_aPastizales _xCongresos _985930 |
||
| 901 | _aFolleto 189 | ||
| 902 | _aA | ||
| 910 | _a1987 | ||
| 942 | _cc14 | ||
| 942 | _cc14 | ||
| 999 |
_c163222 _d163222 |
||